Municipalities of Georgia (Country) with a Map - Statistics

General Stats
  • This quiz has been taken 1,226 times
    1,214 since last reset
  • The average score is 35 of 79
Answers on the Map
Answers color-coded by a green-red scale on the quiz's map according to % correct below.
 
Answer Stats
Region Municipality % Correct
Tbilisi Tbilisi
93%
Adjara Batumi
85%
Imereti Kutaisi
73%
Shida Kartli Gori
69%
Shida Kartli Gori City
69%
Samegrelo-Zemo Svaneti Zugdidi
64%
Samegrelo-Zemo Svaneti Zugdidi City
64%
Samegrelo-Zemo Svaneti Poti
63%
Kvemo Kartli Rustavi
63%
Kakheti Telavi
63%
Kakheti Telavi City
63%
Abkhazia Sukhumi
57%
Mtskheta-Mtianeti Mtskheta
56%
Mtskheta-Mtianeti Mtskheta City
56%
Abkhazia Gagra
55%
Adjara Kobuleti
55%
Samegrelo-Zemo Svaneti Mestia
54%
Samtskhe-Javakheti Borjomi
53%
Samtskhe-Javakheti Akhaltsikhe
52%
Samtskhe-Javakheti Akhaltsikhe City
52%
Racha-Lechkhumi and Kvemo Svaneti Oni
49%
Guria Ozurgeti
49%
Guria Ozurgeti City
49%
Imereti Samtredia
49%
Samtskhe-Javakheti Akhalkalaki
47%
Abkhazia Gali
47%
Kvemo Kartli Marneuli
46%
Kakheti Sighnaghi
46%
Racha-Lechkhumi and Kvemo Svaneti Ambrolauri
45%
Racha-Lechkhumi and Kvemo Svaneti Ambrolauri City
45%
Shida Kartli Khashuri
45%
Kakheti Gurjaani
44%
Samegrelo-Zemo Svaneti Senaki
44%
Imereti Zestaponi
44%
Mtskheta-Mtianeti Kazbegi
43%
Imereti Chiatura
42%
Mtskheta-Mtianeti Dusheti
42%
Shida Kartli Kaspi
42%
Kakheti Lagodekhi
42%
Kvemo Kartli Bolnisi
41%
Shida Kartli Java
41%
Adjara Khulo
41%
Guria Lanchkhuti
41%
Samegrelo-Zemo Svaneti Martvili
40%
Kakheti Akhmeta
39%
Kakheti Dedoplistskaro
39%
Samtskhe-Javakheti Ninotsminda
39%
Abkhazia Ochamchire
39%
Kakheti Sagarejo
39%
Imereti Sachkhere
37%
Samegrelo-Zemo Svaneti Abasha
36%
Abkhazia Gudauta
36%
Imereti Khoni
36%
Kvemo Kartli Tsalka
36%
Imereti Tskaltubo
36%
Imereti Vani
36%
Guria Chokhatauri
35%
Adjara Keda
35%
Samegrelo-Zemo Svaneti Khobi
35%
Kakheti Kvareli
35%
Mtskheta-Mtianeti Akhalgori
34%
Imereti Baghdati
34%
Kvemo Kartli Dmanisi
33%
Kvemo Kartli Gardabani
33%
Shida Kartli Kareli
33%
Imereti Tkibuli
33%
Samtskhe-Javakheti Aspindza
32%
Racha-Lechkhumi and Kvemo Svaneti Lentekhi
32%
Mtskheta-Mtianeti Tianeti
32%
Samegrelo-Zemo Svaneti Tsalenjikha
32%
Imereti Terjola
31%
Samtskhe-Javakheti Adigeni
30%
Adjara Shuakhevi
30%
Adjara Khelvachauri
29%
Racha-Lechkhumi and Kvemo Svaneti Tsageri
29%
Kvemo Kartli Tetritskaro
28%
Abkhazia Gulripshi
27%
Imereti Kharagauli
27%
Samegrelo-Zemo Svaneti Chkhorotsku
26%
No matching quizzes found
Score Distribution
Percent of People with Each Score
Percentile by Number Answered
Your Score History
You have not taken this quiz since the last reset